00000000cam 2200000zi 4500
0019.956827
003CaOODSP
00520251215145557
006m     o  d f      
007cr cn|||||||||
008251029e20251209oncd    obs  f000 0 fre d
020 |a9780660795287
040 |aCaOODSP|bfre|erda|cCaOODSP
043 |an-cn---
0861 |aCS85-002/45-7F-PDF
1001 |aSavage, Laura, |eauteur.
24510|aTendances en matière de récidive chez les auteurs présumés vivant dans les régions rurales des provinces canadiennes, 2014 à 2023 / |cpar Laura Savage.
264 1|a[Ottawa] : |bStatistique Canada = Statistics Canada, |cdécembre 2025.
264 4|c©2025
300 |a1 ressource en ligne (29 pages) : |bgraphiques.
336 |atexte|btxt|2rdacontent/fre
337 |ainformatique|bc|2rdamedia/fre
338 |aressource en ligne|bcr|2rdacarrier/fre
4901 |aJuristat, |x1205-8882 ; |v[Vol. 45, no. 7]
500 |aTitre de la couverture.
500 |aPublié aussi en anglais sous le titre : Patterns of re-offending among accused persons living in rural areas of the Canadian provinces, 2014 to 2023.
500 |a« Date de diffusion : le 9 décembre 2025. »
504 |aComprend des références bibliographiques (pages 20-21).
650 6|aDélits ruraux|zCanada|vStatistiques.
650 6|aLois|xApplication|zCanada|vStatistiques.
655 7|aStatistiques|2rvmgf
7102 |aStatistique Canada, |eorganisme de publication.
77508|tPatterns of re-offending among accused persons living in rural areas of the Canadian provinces, 2014 to 2023 / |w(CaOODSP)9.956826
830#0|aJuristat,|x1205-8882 ; |v[Vol. 45, no. 7].|w(CaOODSP)9.936877
85640|qPDF|s736 Ko|uhttps://publications.gc.ca/collections/collection_2025/statcan/85-002-x/CS85-002-45-7-fra.pdf
8564 |qHTML|sS.O.|uhttps://www150.statcan.gc.ca/n1/pub/85-002-x/2025001/article/00007-fra.htm